Normal view MARC view

Entry Personal Name

Number of records used in: 1

001 - CONTROL NUMBER

  • control field: 8548

003 - CONTROL NUMBER IDENTIFIER

  • control field: OSt

005 - DATE AND TIME OF LATEST TRANSACTION

  • control field: 20211028145656.0

008 - FIXED-LENGTH DATA ELEMENTS

  • fixed length control field: 211028|| aca||aabn | a|a d

040 ## - CATALOGING SOURCE

  • Original cataloging agency: OSt
  • Transcribing agency: OSt

100 ## - HEADING--PERSONAL NAME

  • Personal name: Bhat, Soumya Vishnumurthy; lobo, Lanwin.
  • Miscellaneous information: 121932

670 ## - SOURCE DATA FOUND

  • Source citation: Work cat.: (OSt): Bhat, Soumya Vishnumurthy; lobo, Lanwin. 121932, Social networking site (user)., 2014